Kości nadgarstka - Statystyki

Ogólne statystyki
  • Ten quiz został rozwiązany 471 razy
  • Średni wynik to 7 z 8
Statystyki odpowiedzi
Kość % Poprawnych
Łódeczkowata
92%
Księżycowata
91%
Trójgraniasta
86%
Haczykowata
85%
Grochowata
82%
Czworoboczna mniejsza
78%
Czworoboczna większa
78%
Główkowata
74%
Nie znaleziono quizów pasujących do podanych kryteriów
Rozkład punktacji
Procent ludzi z każdym wynikiem
Percentyl według liczby udzielonych odpowiedzi
Twoja historia wyników
Nie rozwiązałeś tego quizu